logo

Bir Sreshtho Munshi Abdur Rouf Library
Jhenaidah Cadet College

লিংকন দি আননোন / (Record no. 8503)

MARC details
000 -LEADER
fixed length control field 00621nam a22002177a 4500
001 - CONTROL NUMBER
JCCL Control Number 8503
003 - CONTROL NUMBER IDENTIFIER
JCCL marc code BD-JhCC
005 - DATE AND TIME OF LATEST TRANSACTION
control field 20180717083418.0
008 - FIXED-LENGTH DATA ELEMENTS--GENERAL INFORMATION
fixed length control field 180226b1982 bg ||||| |||| 00| 0 ben d
035 ## - SYSTEM CONTROL NUMBER
system control number (BD-JhCC)8503
040 ## - CATALOGING SOURCE
Original cataloging agency BD-JhCC
Modifying agency BD-JhCC
041 ## - LANGUAGE CODE
Language code of Book ben
082 ## - DEWEY DECIMAL CLASSIFICATION NUMBER
Classification number 923.1
Author mark and Year NAT 1982
100 ## - MAIN ENTRY--PERSONAL NAME
Personal name নাথ, শ্রী মিলন
245 ## - TITLE STATEMENT
Title লিংকন দি আননোন /
Statement of responsibility, etc শ্রী মিলন নাথ
260 ## - PUBLICATION, DISTRIBUTION, ETC. (IMPRINT)
Place of publication, distribution, etc ঢাকাঃ
Name of publisher, distributor, etc অনুপম প্রকাশনী
Date of publication, distribution, etc 1982.
300 ## - PHYSICAL DESCRIPTION
Pagination 103 p. :
Dimensions 19 cm.
650 ## - SUBJECT ADDED ENTRY--TOPICAL TERM
Topical term or geographic name as entry element Biography
942 ## - ADDED ENTRY ELEMENTS (KOHA)
Source of classification or shelving scheme Dewey Decimal Classification
Koha item type Books
Holdings
Source of classification or shelving scheme Damaged status Not for loan Home library Current library Shelving location Date of accession Cost, normal purchase price Total Checkouts Full call number Barcode Date last seen Copy number Koha item type
Dewey Decimal Classification     JCC Rouf Library JCC Rouf Library General Stacks 02/26/2018 12.00   923.1 NAT 1982 11096 02/26/2018 C-1 Books

JCC Library | Contacts | JCC Home

Last Update on 23 September 2017
Copyright @ 2017-2020 JCC Rouf Library
Rouf Library, Jhenidah Cadet College (JCC), Bangladesh